| 000 | 02036nam a2200409 i 4500 | ||
|---|---|---|---|
| 003 | EG-GICUC | ||
| 005 | 20260307211824.0 | ||
| 008 | 260307s1989 ua ||||fr|||| 00| 0 ara d | ||
| 017 | _a89/3586 | ||
| 040 |
_a EG-GICUC _bara _c EG-GICUC _d EG-GICUC _erda |
||
| 041 | _aara | ||
| 082 | 0 | 4 |
_221 _a343.303 _bع ب . م |
| 092 | 0 | 4 | _221 |
| 099 | _aLaw1 10 343.303 ع ب . م 1989 | ||
| 100 | 0 |
_aعبد الرحيم صدقى _eمؤلف. |
|
| 245 | 1 | 0 |
_aموسوعة صدقى فى القانون الجنائى : _bالقانون الجنائى القضاء والشرطة والشعب والقوات المسلحة. _cتأليف دكتور عبد الرحيم صدقى.. _nالمجلد الثانى عشر، _nالمجلد الثالث عشر، _p القضاء والشرطة والشعب، _pمشروعية القانون والقضاء العسكرى / |
| 264 | 3 |
_aالقاهرة : _bدار الطباعة للجامعات، _c1989. |
|
| 300 |
_aمجلد : _c24 سم. _bإيضاحيات، صور، مثيليات ؛ |
||
| 336 |
_2rda content _atext |
||
| 337 |
_2rda media _aComputer |
||
| 338 |
_2rda carrier _aOnline Resource |
||
| 490 |
_aموسوعة صدقى فى القانون الجنائى ; _vالمجلد الثانى عشر |
||
| 504 | _aيشتمل على إرجاعات ببليوجرافية. | ||
| 505 | _aيشتمل مج 12 القانون الجنائى والقضاء والشرطة والشعب-و مج 13 مشروعية القانون والقضاء العسكرى. | ||
| 546 | _aالنص باللغة العربية | ||
| 650 | 1 |
_aالقانون الجنائي _2qrmak |
|
| 650 | 1 |
_a قانون الإجراءات الجنائية _xموسوعات / معاجم _2qrmak |
|
| 650 | 1 |
_aالقانون العسكري _2qrmak |
|
| 650 | 1 |
_aالقضاء _2qrmak |
|
| 650 | 1 |
_aالشرطة _2qrmak |
|
| 650 | 1 |
_aالشعب _2qrmak |
|
| 650 | 1 |
_aالقوات المسلحة _2qrmak |
|
| 651 | 1 | _2qrmak | |
| 856 | 4 | 0 | _uhttps://fll.law.cu.edu.eg/fulltext/bks/B10-08704.pdf |
| 905 | _a43 | ||
| 942 |
_2ddc _n0 _cBK _e21 |
||
| 999 |
_c65751 _d65751 |
||